Funny Jojo's Bizarre Adventure dub lines - Statistics

General Stats
  • This quiz has been taken 64 times
  • The average score is 6 of 8
Answer Stats
Dub Quote Speaker % Correct
"Lick Lick Lick Lick Lick Lick Lick" - Stardust Crusaders Kakyoin
98%
"Then I got word you were at a funeral, so I decided to crash it" - Battle Tendancy Joseph
90%
"For the Love of God drop the meat!" - Diamond is Unbreakable Josuke
80%
"That's right, we're good, real good, at punching evil in the face" - Stardust Crusaders Jotaro
78%
"Holy crap my dingaling is gone, where'd you go little guy?" - Golden Wind Mista / Trish
73%
"So naturally he's got no other choice than to sleep in the grand piano" - Stone Ocean Emporio
67%
"Hey you fugly hoe!" - Stone Ocean Foo Fighters
53%
"Act furious at him for doubting your femininity" - Golden Wind Diavolo
47%
No matching quizzes found
Score Distribution
Percent of People with Each Score
Percentile by Number Answered
Your Score History
You have not taken this quiz